The seeker's catechism : the basics of Catholicism : presented in light of the new Catechism of the Catholic Church /

Bibliographic Details
Main Author: Pennock, Michael
Format: Book
Language:English
Published: Notre Dame, Ind. : Ave Maria Press, [1994]
Subjects:

MARC

Tag First Indicator Second Indicator Subfields
LEADER 00000aam a2200000 a 4500
001 in00002085213
005 20151102161456.0
008 940621s1994 inu 000 0 eng
010 |a  94071886  
020 |a 0877935394 (pbk.) 
035 |a (OCoLC)ocm31297865 
040 |a DLC  |c DLC  |d TXA  |d UtOrBLW 
049 |a TXAM 
050 0 0 |a BX1961  |b .P44 1994 
082 0 0 |a 238/.2  |2 20 
100 1 |a Pennock, Michael. 
245 1 4 |a The seeker's catechism :  |b the basics of Catholicism : presented in light of the new Catechism of the Catholic Church /  |c Michael Francis Pennock. 
264 1 |a Notre Dame, Ind. :  |b Ave Maria Press,  |c [1994] 
264 4 |c ©1994 
300 |a 132 pages ;  |c 17 cm. 
336 |a text  |b txt  |2 rdacontent 
337 |a unmediated  |b n  |2 rdamedia 
338 |a volume  |b nc  |2 rdacarrier 
610 2 0 |a Catholic Church  |v Catechisms  |x English. 
610 2 0 |a Catholic Church  |x Doctrines. 
610 2 0 |a Catholic Church.  |t Catechismus Ecclesiae Catholicae. 
994 |a C0  |b TXA 
948 |a cataloged  |b h  |c 2005/12/2  |d c  |e bhartsfi  |f 3:18:25 pm 
999 |a MARS 
999 f f |s 357b0a36-c8e7-3c3c-9c3a-bfc7da80fb24  |i 9d9d338e-26f4-3ba6-9674-c14ff520c777  |t 0 
952 f f |p normal  |a Texas A&M University  |b College Station  |c Sterling C. Evans Library  |d Evans: Library Stacks  |t 0  |e BX1961 .P44 1994  |h Library of Congress classification  |i unmediated -- volume  |m A14833085638 
998 f f |a BX1961 .P44 1994  |t 0  |l Evans: Library Stacks